[Event "Indywidualne Mistrzostwa Polski Juniorow do lat 16 - Dziewczeta"]
[Site "Szklarska Poreba"]
[Date "1899-12-30"]
[Round "6.1"]
[White "Waszczuk, Patrycja"]
[Black "Jarocka, Liwia"]
[Result "1/2-1/2"]
[WhiteTitle "k++"]
[BlackTitle "FM"]
[WhiteElo "2034"]
[BlackElo "2106"]

1. f4 d5 2. Nf3 g6 3. e3 c6 4. Be2 Qb6 5. O-O Bg7 6. d4 Nh6 7. c4 O-O 8. Nc3 dxc4
9. Ne5 Nf5 10. Bxc4 Nd6 11. Bb3 e6 12. Bd2 Na6 13. Rc1 Qd8 14. Na4 f6 15. Nd3
Ne4 16. Be1 Kh8 17. Nc3 Nxc3 18. Bxc3 Nc7 19. Qe2 a5 20. Be1 Nd5 21. e4 Nc7 22.
Qe3 a4 23. Bd1 Nb5 24. Bf2 Qe8 25. Bf3 g5 26. fxg5 fxg5 27. e5 Bh6 28. g4 Nxd4
29. Qxd4 Rxf3 30. Be3 Rxf1+ 31. Rxf1 b6 32. Nf2 c5 33. Qd6 Bb7 34. Nh3 Qg6 35.
Nf2 Bd5 36. Rd1 Bg7 37. Qxb6 Bxe5 38. Qxc5 Qh6 39. h3 Qh4 40. Kf1 Qg3 1/2-1/2

[Event "Indywidualne Mistrzostwa Polski Juniorow do lat 16 - Dziewczeta"]
[Site "Szklarska Poreba"]
[Date "1899-12-30"]
[Round "6.2"]
[White "Harazinska, Magdalena"]
[Black "Furtak, Joanna"]
[Result "1/2-1/2"]
[WhiteTitle "WFM"]
[BlackTitle "k"]
[WhiteElo "2011"]
[BlackElo "1803"]

1. d4 d5 2. c4 e6 3. g3 Nf6 4. Bg2 Be7 5. Nf3 O-O 6. O-O dxc4 7. Qc2 c5 8. dxc5
Bxc5 9. Qxc4 Qe7 10. a3 a5 11. Bg5 Nbd7 12. Nc3 h6 13. Bxf6 Nxf6 14. Na4 Ba7 15.
Ne5 Nd7 16. Nd3 Nb6 17. Nxb6 Bxb6 18. Rac1 Rd8 19. Qb5 Rd6 20. Qh5 Rb8 21. Rc4
Qg5 22. Qf3 Bd7 23. Rg4 Bc6 24. Qf4 Qxf4 25. Rxf4 Bxg2 26. Kxg2 Rc8 27. Rc1 Rxc1
28. Nxc1 Rd2 29. b4 Rc2 30. Nb3 Rc3 31. Nxa5 Bxa5 32. bxa5 Rxa3 33. Rb4 Rxa5 34.
Rxb7 g6 35. h4 1/2-1/2

[Event "Indywidualne Mistrzostwa Polski Juniorow do lat 16 - Dziewczeta"]
[Site "Szklarska Poreba"]
[Date "1899-12-30"]
[Round "6.3"]
[White "Adamczyk, Zuzanna"]
[Black "Marcinczyk, Monika"]
[Result "1/2-1/2"]
[WhiteTitle "I++"]
[BlackTitle "WCM"]
[WhiteElo "1850"]
[BlackElo "1928"]

1. e4 c5 2. Nf3 e6 3. d4 cxd4 4. Nxd4 Nf6 5. Nc3 d6 6. Be3 Be7 7. Be2 Nc6 8. O-O
O-O 9. f4 e5 10. Nf5 Bxf5 11. exf5 exf4 12. Rxf4 d5 13. Bf3 Bd6 14. Ra4 Ne7 15.
Bg5 Qb6+ 16. Kh1 Be5 17. Bxf6 Bxf6 18. Nxd5 Nxd5 19. Bxd5 Rad8 20. c4 Rfe8 21.
Qf1 Qxb2 22. Rb1 Qd2 23. Rd1 Qe3 24. Qg1 Qc3 25. Rc1 Qd2 26. Qd1 Qh6 27. Rb1 Re7
28. Rxa7 Rde8 29. Raxb7 Be5 30. h3 Qf4 31. Qg1 Bc7 32. Rf1 Qg3 33. Rb3 Qh4 34.
Rb2 Re3 35. Bf3 Qg3 36. Rbb1 g5 37. fxg6 hxg6 38. Bd5 R8e7 39. Rb3 Bf4 40. Rxe3
Rxe3 41. a4 Ra3 42. Rf3 Rxf3 43. Bxf3 Bc7 44. c5 f5 45. c6 Kh7 46. a5 Bxa5 47.
Qe3 Bc7 48. Kg1 Qd6 49. Kf1 Qb4 50. Qd3 Qd6 51. Qxd6 Bxd6 52. Ke2 Kg7 1/2-1/2

[Event "Indywidualne Mistrzostwa Polski Juniorow do lat 16 - Dziewczeta"]
[Site "Szklarska Poreba"]
[Date "1899-12-30"]
[Round "6.4"]
[White "Budkiewicz, Magdalena"]
[Black "Dylag, Emilia"]
[Result "1/2-1/2"]
[WhiteTitle "I++"]
[BlackTitle "k+"]
[WhiteElo "1619"]
[BlackElo "2071"]

1. e4 c5 2. Nf3 d6 3. d4 cxd4 4. Qxd4 Nc6 5. Bb5 Bd7 6. Bxc6 Bxc6 7. Nc3 e5 8.
Qd3 h6 9. Nd2 Nf6 10. Nc4 Qc7 11. Ne3 a6 12. a4 g6 13. O-O Bg7 14. b4 O-O 15.
Bb2 b6 16. Rac1 h5 17. Ned5 Bxd5 18. Nxd5 Nxd5 19. Qxd5 Bh6 20. Rb1 Rac8 21. f3
Be3+ 22. Kh1 Rfd8 23. c3 h4 24. Qd3 Bf4 25. Qxa6 d5 26. exd5 Rxd5 27. Rbd1 Rcd8
28. Rxd5 Rxd5 29. Qa8+ Rd8 30. Qe4 f5 31. Qc2 Qc4 32. Rd1 Rd2 33. Qb1 Rxg2 34.
Rd8+ Kh7 35. Qd1 Rd2 36. Rxd2 Bxd2 37. Kg2 Qf4 38. Qe2 e4 39. a5 bxa5 40. bxa5
Kh6 41. a6 h3+ 42. Kf1 e3 43. Kg1 Qg5+ 44. Kf1 Qg2+ 45. Qxg2 hxg2+ 46. Kxg2 e2
47. a7 e1=Q 48. a8=Q Qe2+ 49. Kh3 Qf1+ 50. Kg3 f4+ 51. Kh4 Qe1+ 52. Kh3 Qf1+ 53.
Kh4 Qf2+ 54. Kh3 Qf1+ 55. Kh4 Be1+ 56. Kg4 Qg2+ 57. Kxf4 Qxh2+ 58. Ke4 Qe2+ 59.
Kf4 Bd2+ 60. Kg3 Be1+ 61. Kf4 Qd2+ 62. Ke5 Bg3+ 63. Ke6 Qd6+ 64. Kf7 Qd7+ 65.
Kf6 Qg7+ 66. Ke6 Qe5+ 67. Kf7 Qf5+ 68. Ke7 Bh4+ 69. Kd6 Bg3+ 70. Ke7 Qe5+ 71.
Kf7 Qf4+ 72. Ke6 Qd6+ 73. Kf7 Qd7+ 74. Kf6 Qf5+ 75. Ke7 Qe5+ 76. Kf7 Qc7+ 77.
Ke6 Qb6+ 78. Kf7 Qc7+ 79. Ke6 Qe5+ 80. Kf7 Qf5+ 81. Ke7 Bh4+ 82. Kd6 Bg3+ 83.
Ke7 Qc5+ 84. Ke6 Qd6+ 1/2-1/2

[Event "Indywidualne Mistrzostwa Polski Juniorow do lat 16 - Dziewczeta"]
[Site "Szklarska Poreba"]
[Date "1899-12-30"]
[Round "6.5"]
[White "Malicka, Maria"]
[Black "Czarniecka, Aleksandra"]
[Result "1-0"]
[WhiteTitle "WCM"]
[BlackTitle "k"]
[WhiteElo "2199"]
[BlackElo "2023"]

1. e4 c5 2. Nf3 d6 3. d4 cxd4 4. Nxd4 Nf6 5. Nc3 a6 6. Bg5 e6 7. f4 Qb6 8. Nb3
Be7 9. Qd2 Nc6 10. O-O-O Qc7 11. Bxf6 gxf6 12. Be2 h5 13. Bf3 Bd7 14. Rhe1 O-O-O
15. Kb1 Rdg8 16. Re3 Kb8 17. Ne2 h4 18. Rc3 Qb6 19. Ned4 Na7 20. Na5 Bc8 21. Nc4
Qd8 22. Rb3 Qc7 23. Nb6 Bd7 24. Nxd7+ Qxd7 25. Qe2 Ka8 26. e5 d5 27. c4 Rb8 28.
cxd5 exd5 29. e6 fxe6 30. Nxe6 Rhc8 31. Bxd5 Qa4 32. Qe4 Qxe4+ 33. Bxe4 Nb5 34.
Rd7 Bd8 35. a4 Nc7 36. Nxd8 Rxd8 37. Rxc7 1-0

[Event "Indywidualne Mistrzostwa Polski Juniorow do lat 16 - Dziewczeta"]
[Site "Szklarska Poreba"]
[Date "1899-12-30"]
[Round "6.6"]
[White "Kroliczek, Gabriela"]
[Black "Vanduyfhuys, Daria"]
[Result "1/2-1/2"]
[WhiteTitle "I++"]
[BlackTitle "WCM"]
[WhiteElo "1588"]
[BlackElo "2059"]

1. e4 c5 2. Nc3 Nc6 3. Bb5 Nd4 4. Nf3 Nxb5 5. Nxb5 Nf6 6. Nc3 d6 7. d4 cxd4 8.
Nxd4 g6 9. h3 Bg7 10. Be3 O-O 11. Qd2 a6 12. Bh6 b5 13. Bxg7 Kxg7 14. f3 Bb7 15.
O-O-O b4 16. Nce2 Qb6 17. h4 e5 18. Nf5+ Kg8 19. Qh6 gxf5 20. Qg5+ Kh8 21. Qxf6+
Kg8 22. Qg5+ Kh8 23. Qf6+ Kg8 24. Qg5+ Kh8 1/2-1/2

[Event "Indywidualne Mistrzostwa Polski Juniorow do lat 16 - Dziewczeta"]
[Site "Szklarska Poreba"]
[Date "1899-12-30"]
[Round "6.7"]
[White "Pawlak, Emilia"]
[Black "Mirowska, Oliwia"]
[Result "1/2-1/2"]
[WhiteTitle "I"]
[BlackTitle "I++"]
[WhiteElo "1595"]
[BlackElo "1762"]

1. e4 d6 2. d4 Nf6 3. Nc3 e5 4. Nf3 Nbd7 5. Rg1 h6 6. g4 c6 7. h4 exd4 8. Nxd4
Ne5 9. g5 hxg5 10. hxg5 Nh5 11. Be3 g6 12. f4 Nd7 13. Qd2 Nb6 14. O-O-O Ng7 15.
Bd3 Bd7 16. f5 gxf5 17. exf5 Qc7 18. f6 Ne6 19. g6 fxg6 20. Bxg6+ Kd8 21. Rh1
Rxh1 22. Rxh1 Nc4 23. Nxe6+ Bxe6 24. Qe2 Ne5 25. Rh7 Qa5 26. Qh5 Qa6 27. Rh8 Kc7
28. Qh7+ Nd7 29. Bd3 Qa5 30. Qe4 Re8 31. Qf4 Rd8 1/2-1/2

[Event "Indywidualne Mistrzostwa Polski Juniorow do lat 16 - Dziewczeta"]
[Site "Szklarska Poreba"]
[Date "1899-12-30"]
[Round "6.8"]
[White "Kudlak, Julia"]
[Black "Czarnecka, Lidia"]
[Result "0-1"]
[WhiteTitle "I"]
[BlackTitle "I++"]
[WhiteElo "1515"]
[BlackElo "1700"]

1. e4 c5 2. Nf3 e6 3. Nc3 Nc6 4. d4 cxd4 5. Nxd4 d6 6. Be2 a6 7. Be3 Nf6 8. O-O
Be7 9. Kh1 O-O 10. f4 Qc7 11. Nxc6 bxc6 12. Qe1 Rb8 13. Rb1 Bb7 14. Qg3 Kh8 15.
e5 Nd5 16. Nxd5 cxd5 17. Bd4 f6 18. Bd3 dxe5 19. fxe5 f5 20. Qh3 Bc5 21. c3 Qb6
22. Qh4 Bxd4 23. cxd4 g5 24. Qf2 Rbc8 25. h4 Qd8 26. hxg5 Qxg5 27. Qf4 Qxf4 28.
Rxf4 Rg8 29. Be2 Rc2 30. Bf3 Rf2 31. Rh4 Kg7 32. Rc1 Rc8 33. Rb1 Rcc2 34. b4 Rxa2
35. b5 Rfb2 36. Rc1 Rc2 37. Rb1 Rab2 38. Rxb2 Rxb2 39. bxa6 Bxa6 40. g4 Bd3 41.
gxf5 Bxf5 42. Rh5 Rf2 43. Rg5+ Kh6 44. Rg3 Rxf3 45. Rxf3 Be4 46. Kg2 Kg5 47. Kg3
Bxf3 48. Kxf3 Kf5 0-1

[Event "Indywidualne Mistrzostwa Polski Juniorow do lat 16 - Dziewczeta"]
[Site "Szklarska Poreba"]
[Date "1899-12-30"]
[Round "6.9"]
[White "Zniszczol, Wiktoria"]
[Black "Pisarek, Elzbieta"]
[Result "1/2-1/2"]
[WhiteTitle "I+"]
[BlackTitle "I"]
[WhiteElo "1642"]
[BlackElo "1567"]

1. e4 e5 2. Nf3 Nf6 3. Nxe5 d6 4. Nd3 Nxe4 5. Nc3 Nf6 6. Be2 d5 7. Bf3 Be7 8. O-O
O-O 9. Nf4 d4 10. Ne4 c6 11. d3 Nbd7 12. h3 Ne5 13. Nxf6+ Bxf6 14. Be4 Bg5 15.
Re1 f5 16. Bd5+ Nf7 17. Bb3 Bd7 18. Bd2 Bxf4 19. Bxf4 Kh8 20. Qd2 Qf6 21. Re2
Rfe8 22. Rae1 Rxe2 23. Qxe2 h6 24. Bxf7 Qxf7 25. Qe7 Kg8 26. Bd6 Re8 27. Qxf7+
Kxf7 28. Rxe8 Bxe8 29. Bc5 a6 30. Bxd4 g6 31. f4 h5 32. Kf2 Ke7 33. Bc5+ Kf6 34.
Ke3 Bf7 35. a3 Bd5 36. g3 Bf7 37. Kd4 Bd5 38. Ba7 Ke6 39. Kc5 Kd7 40. c4 Bg2 41.
h4 Bf3 42. d4 Be4 43. b4 Bf3 44. a4 Bd1 45. a5 Bf3 46. Bb8 Be4 47. Be5 Bf3 48.
d5 cxd5 49. cxd5 Be4 50. Kd4 Ke7 51. Bc7 Kd7 52. Bb6 Ke7 53. Ke5 Kf7 54. Bd8 Bf3
55. Bg5 Be4 56. Kd4 Bf3 57. Kc5 Be4 58. d6 Ke6 59. Be7 Bc6 60. Kb6 Kd7 61. Bf8
Be4 62. Kc5 1/2-1/2

[Event "Indywidualne Mistrzostwa Polski Juniorow do lat 16 - Dziewczeta"]
[Site "Szklarska Poreba"]
[Date "1899-12-30"]
[Round "6.10"]
[White "Hryn, Aleksandra"]
[Black "Siekanska, Zuzanna"]
[Result "1/2-1/2"]
[WhiteTitle "I+"]
[BlackTitle "I"]
[WhiteElo "1615"]
[BlackElo "1517"]

1. e4 c5 2. Nf3 e6 3. d4 cxd4 4. Nxd4 Nf6 5. Nc3 d6 6. g4 h6 7. g5 hxg5 8. Bxg5
Nc6 9. Qd2 a6 10. O-O-O Qa5 11. Nb3 Qc7 12. Qe2 b5 13. f4 Bb7 14. Bg2 Rc8 15.
Rd2 Nd7 16. f5 e5 17. Nd5 Qb8 18. f6 g6 19. h4 Nd8 20. Bh3 Bxd5 21. exd5 Bh6 22.
Bxd7+ Kxd7 23. Bxh6 Rxh6 24. Nd4 Rc4 25. Nc6 Nxc6 26. dxc6+ Kxc6 27. Qf3+ Kc7
28. Qd5 Qf8 29. Rhd1 Rhxh4 30. Qxd6+ Qxd6 31. Rxd6 Rcd4 32. Rxa6 Rxd1+ 33. Kxd1
Kb7 34. Rd6 Rd4+ 35. Rxd4 exd4 36. Ke2 Kc6 37. Kf3 Kd5 38. Kf4 Ke6 39. Ke4 Kxf6
40. Kxd4 g5 41. c4 bxc4 42. a4 Ke6 43. a5 Kd6 44. Kxc4 Kc6 45. b4 g4 46. b5+ Kb7
47. Kd4 f5 48. Ke3 Ka7 49. Kf4 Kb7 50. b6 Ka6 1/2-1/2

[Event "Indywidualne Mistrzostwa Polski Juniorow do lat 16 - Dziewczeta"]
[Site "Szklarska Poreba"]
[Date "1899-12-30"]
[Round "6.11"]
[White "Tomczak, Marta"]
[Black "Zarebska, Lena"]
[Result "0-1"]
[WhiteTitle "I"]
[BlackTitle "I++"]
[WhiteElo "1510"]
[BlackElo "1783"]

1. e4 c5 2. c3 d5 3. exd5 Qxd5 4. d4 Nf6 5. Nf3 Bg4 6. Be2 Nc6 7. O-O e6 8. Be3
cxd4 9. cxd4 Be7 10. Nc3 Qd6 11. h3 Bh5 12. Qc2 O-O 13. a3 Rac8 14. Rfd1 Rfd8
15. Rac1 a6 16. Ng5 Bxe2 17. Qxe2 h6 18. Nge4 Nxe4 19. Nxe4 Qd5 20. Nc5 Na5 21.
b4 Nb3 22. Rb1 Nxc5 23. dxc5 Qe4 24. Rb2 Bf6 25. Rbd2 Rd5 26. Rxd5 exd5 27. Qd3
Qxd3 28. Rxd3 d4 29. Bf4 Kf8 30. Bd6+ Ke8 31. a4 Kd7 32. Kf1 Re8 33. Rb3 Kc6 34.
b5+ axb5 35. axb5+ Kd5 36. b6 Kc4 37. Rb1 d3 38. c6 Kd5 39. Bc7 Kxc6 40. Rd1 Bd4
41. Rxd3 Bxb6 42. Rc3+ Bc5 43. Bf4 Kd5 44. Rg3 g5 45. Bd2 Bd4 46. Bc3 Bxc3 47.
Rxc3 Re7 48. Rc8 b5 49. Rb8 Kc4 50. Rb6 Re6 51. Rb7 f6 52. Rh7 f5 53. Rc7+ Kb4
54. g4 fxg4 55. hxg4 Kb3 56. Rb7 b4 57. Kg2 Ka3 58. f3 b3 59. Ra7+ Kb2 60. Kf2
Kb1 61. f4 gxf4 62. Kf3 b2 63. Rb7 Rc6 64. Re7 Kc2 65. Re2+ Kb3 0-1

[Event "Indywidualne Mistrzostwa Polski Juniorow do lat 16 - Dziewczeta"]
[Site "Szklarska Poreba"]
[Date "1899-12-30"]
[Round "6.12"]
[White "Roszkiewicz, Anna"]
[Black "Bednarska, Julita"]
[Result "1/2-1/2"]
[WhiteTitle "I++"]
[BlackTitle "I"]
[WhiteElo "1745"]
[BlackElo "1356"]

1. e4 e5 2. Nf3 Nc6 3. Bb5 a6 4. Ba4 Nf6 5. O-O Be7 6. Re1 b5 7. Bb3 d6 8. c3 O-O
9. h3 Na5 10. Bc2 c5 11. d4 Qc7 12. Nbd2 cxd4 13. cxd4 Nc6 14. Nf1 Bd7 15. Be3
Rac8 16. Rc1 Qb7 17. Ng3 Rc7 18. Bb1 Rfc8 19. b3 exd4 20. Nxd4 Nxd4 21. Qxd4 Rxc1
22. Bxc1 Rd8 23. Ba3 Be6 24. Rd1 Qc7 25. Rc1 Qb7 26. Bb4 h6 27. Ba5 Rc8 28. Rxc8+
Qxc8 29. Bc3 Qc5 30. Ne2 Qxd4 31. Nxd4 Bd7 32. Kf1 1/2-1/2

[Event "Indywidualne Mistrzostwa Polski Juniorow do lat 16 - Dziewczeta"]
[Site "Szklarska Poreba"]
[Date "1899-12-30"]
[Round "6.13"]
[White "Chomicka, Kinga"]
[Black "Libura, Julianna"]
[Result "1/2-1/2"]
[WhiteTitle "I"]
[BlackTitle "I"]
[WhiteElo "1434"]
[BlackElo "1639"]

1. e4 c5 2. Nc3 Nc6 3. g3 g6 4. Bg2 Bg7 5. d3 d6 6. Nge2 e5 7. Nd5 h6 8. O-O Nge7
9. Nec3 O-O 10. f4 Nxd5 11. Nxd5 f5 12. c3 Kh8 13. Be3 Ne7 14. Nxe7 Qxe7 15. Qd2
Kh7 16. Rae1 Be6 17. a3 a5 18. c4 Qc7 19. Rb1 Rab8 20. b4 axb4 21. axb4 b5 22.
bxc5 bxc4 23. cxd6 Qxd6 24. fxe5 Qxd3 25. Rxb8 Rxb8 26. Qxd3 cxd3 27. Rd1 Rd8
28. Bb6 Re8 29. Rxd3 Bxe5 30. exf5 Bxf5 1/2-1/2

[Event "Indywidualne Mistrzostwa Polski Juniorow do lat 16 - Dziewczeta"]
[Site "Szklarska Poreba"]
[Date "1899-12-30"]
[Round "6.14"]
[White "Szczypawka, Aleksandra"]
[Black "Sawa, Daria"]
[Result "0-1"]
[WhiteTitle "I"]
[BlackTitle "I"]
[WhiteElo "1476"]
[BlackElo "1589"]

1. c4 e5 2. Nc3 Nc6 3. g3 f5 4. d3 Bb4 5. Bg2 Nf6 6. a3 Bxc3+ 7. bxc3 O-O 8. e3
Qe8 9. Ne2 d6 10. O-O Qh5 11. f4 g5 12. h3 Kh8 13. Kf2 Be6 14. Bf3 g4 15. Bxc6
bxc6 16. h4 e4 17. Nd4 Bd7 18. Kg2 exd3 19. Qxd3 Ne4 20. Nb3 Qf7 21. Nd2 Nxd2
22. Qd4+ Kg8 23. Qxd2 c5 24. Bb2 Qxc4 25. Rf2 Rfe8 26. Kh2 Rab8 27. Re1 Bc6 28.
Qe2 Qxe2 29. Rfxe2 Rb3 30. Rd2 Bf3 31. a4 Reb8 32. Ba1 Rb1 33. Rb2 R8xb2+ 0-1

[Event "Indywidualne Mistrzostwa Polski Juniorow do lat 16 - Dziewczeta"]
[Site "Szklarska Poreba"]
[Date "1899-12-30"]
[Round "6.15"]
[White "Dadello, Barbara"]
[Black "Sloniewska, Alicja"]
[Result "1-0"]
[WhiteTitle "I"]
[BlackTitle "I"]
[WhiteElo "1615"]
[BlackElo "1530"]

1. e4 c6 2. d4 d5 3. Nc3 dxe4 4. Nxe4 Bf5 5. Ng3 Bg6 6. h4 h6 7. Nf3 Nd7 8. h5
Bh7 9. Bd3 Bxd3 10. Qxd3 e6 11. Bd2 Ngf6 12. O-O-O Be7 13. Ne4 Nxe4 14. Qxe4 Nf6
15. Qe2 Qd5 16. c4 Qe4 17. Qxe4 Nxe4 18. Be3 Nf6 19. Ne5 Bd6 20. Kc2 Rc8 21. b3
b5 22. Kc3 a6 23. f3 Nd7 24. Nd3 a5 25. Rb1 b4+ 26. Kc2 Be7 27. Nf2 Nf6 28. Ra1
Kd7 29. Bc1 c5 30. Bb2 Kc6 31. Nd3 Kb6 32. dxc5+ Bxc5 33. Nxc5 Kxc5 34. a3 Ra8
35. Rh4 Rhf8 36. Bd4+ Kc6 37. Rhh1 Rfd8 38. Bb2 Kc5 39. g4 Ne8 40. Ra2 f6 41.
Rha1 Rab8 42. axb4+ axb4 43. Ra5+ Kc6 44. Bc1 Nc7 45. Bd2 Rb6 46. R1a4 Rdb8 47.
Be3 R6b7 48. Ra1 Ne8 49. Rd1 Nd6 50. Ra6+ Kc7 51. Raxd6 e5 52. Rd7+ Kc8 53. Rd8+
Kc7 54. R1d7+ Kc6 55. Rxb8 1-0

[Event "Indywidualne Mistrzostwa Polski Juniorow do lat 16 - Dziewczeta"]
[Site "Szklarska Poreba"]
[Date "1899-12-30"]
[Round "6.16"]
[White "Kaznowska, Weronika"]
[Black "Trzaskowska, Hanna"]
[Result "1-0"]
[WhiteTitle "I"]
[BlackTitle "I"]
[WhiteElo "1396"]
[BlackElo "1607"]

1. d4 Nf6 2. c4 e6 3. Nc3 Bb4 4. f3 c5 5. d5 O-O 6. e4 d6 7. Nge2 exd5 8. cxd5
Nbd7 9. Ng3 Bxc3+ 10. bxc3 Ne5 11. Be2 Bd7 12. O-O b5 13. Be3 Qc7 14. Bg5 Kh8
15. Bxf6 gxf6 16. Nh5 f5 17. exf5 Bxf5 18. Bxb5 Qa5 19. Bc6 Nxc6 20. dxc6 Qxc3
21. Qxd6 Qd4+ 22. Qxd4+ cxd4 23. Rfd1 Rac8 24. Rac1 Rfd8 25. Rc5 Bg6 26. Nf4 Rd6
27. a3 Rdxc6 28. Rxc6 Rxc6 29. Rxd4 Rc7 30. h4 Bf5 31. Nh5 Rc8 32. Kh2 Bg6 33.
Nf4 Rc5 34. Ra4 a5 35. Nxg6+ hxg6 36. g4 Kg7 37. Kg3 f5 38. Kf4 fxg4 39. fxg4
Kf6 40. Re4 Rc3 41. Re3 Rc4+ 42. Re4 Rc3 43. g5+ Kf7 44. a4 Rc5 45. Ke3 Rd5 46.
Rd4 Re5+ 47. Kd3 Rf5 48. Re4 Kf8 49. Kd4 Kf7 50. Ke3 Rd5 51. Rc4 Kg7 52. Ke4 Rf5
53. Rc7+ Kg8 54. Rc8+ Kg7 55. Rc6 Kf7 56. Rc7+ Kg8 57. Rd7 Rc5 58. Rd5 Rc4+ 59.
Rd4 Rc5 60. Kf4 Kf7 61. Kg4 Rc6 62. Rf4+ Kg7 63. h5 gxh5+ 64. Kxh5 Rc5 65. Rd4
Rc7 66. Rd5 Ra7 67. Rf5 Kh7 68. g6+ Kg7 69. Kg5 Ra6 70. Rf7+ Kg8 71. Rb7 Ra8 72.
Kh6 Rf8 73. Rg7+ Kh8 74. Ra7 Kg8 75. Rxa5 Rf6 76. Ra8+ Rf8 77. Rxf8+ Kxf8 78.
Kh7 1-0

[Event "Indywidualne Mistrzostwa Polski Juniorow do lat 16 - Dziewczeta"]
[Site "Szklarska Poreba"]
[Date "1899-12-30"]
[Round "6.17"]
[White "Mytnik, Kinga"]
[Black "Laszczuk, Zuzanna"]
[Result "1-0"]
[WhiteTitle "I"]
[BlackTitle "I"]
[WhiteElo "1570"]
[BlackElo "1277"]

1. e4 e5 2. Nf3 Nc6 3. Be2 Nf6 4. d3 g6 5. c3 d5 6. Nbd2 Bg7 7. Qc2 O-O 8. O-O
Nh5 9. Re1 f5 10. exd5 Qxd5 11. d4 Be6 12. Bc4 Qd6 13. Qb3 Bxc4 14. Nxc4 Qd5 15.
Ncxe5 Qxb3 16. axb3 Nxe5 17. Nxe5 Bxe5 18. Rxe5 a6 19. Bg5 Rae8 20. Rae1 Rxe5
21. Rxe5 Kg7 22. Re7+ Rf7 23. Re5 h6 24. Bd2 Nf6 25. f3 Nd7 26. Re2 g5 27. c4
c6 28. Bc3 Kg6 29. b4 b5 30. c5 h5 31. Re1 f4 32. Ra1 Nb8 33. Rd1 Rd7 34. Re1
g4 35. Re8 Rb7 36. Re6+ Kf5 37. Re5+ Kg6 38. Re4 gxf3 39. gxf3 Rf7 40. Bd2 Kg5
41. Re5+ Kg6 42. h4 Nd7 43. Rg5+ Kh6 44. d5 cxd5 45. Rxd5 Nb8 46. Rd6+ Kh7 47.
Kf2 Rd7 48. Bxf4 Rxd6 49. cxd6 Nd7 50. Ke3 Kg6 51. Bg5 Kf5 52. Kd4 Ke6 53. Be7
Ne5 54. f4 Nc6+ 55. Kc5 Nxe7 56. dxe7 Kxe7 57. Kd5 Kf6 58. Ke4 Ke6 59. f5+ 1-0

[Event "Indywidualne Mistrzostwa Polski Juniorow do lat 16 - Dziewczeta"]
[Site "Szklarska Poreba"]
[Date "1899-12-30"]
[Round "6.18"]
[White "Zygmunt, Patrycja"]
[Black "Giefert, Sara"]
[Result "0-1"]
[WhiteTitle "I"]
[BlackTitle "I"]
[WhiteElo "1338"]
[BlackElo "1497"]

1. e4 e5 2. Nf3 Nc6 3. Bc4 Nf6 4. d3 Be7 5. c3 O-O 6. O-O d6 7. Nbd2 a6 8. Bb3
Bg4 9. h3 Bd7 10. d4 Re8 11. Re1 Bf8 12. Ng5 Re7 13. Bxf7+ Rxf7 14. Nxf7 Kxf7
15. Qb3+ Ke8 16. dxe5 dxe5 17. Nf3 b6 18. Bg5 h6 19. Bxf6 Qxf6 20. Qd5 Rd8 21.
Rad1 Bxh3 22. Qc4 Rxd1 23. Rxd1 b5 24. Qd5 Bg4 25. Rd3 Qe6 26. Nh4 Be7 27. f3
Bxh4 28. fxg4 Qxd5 29. exd5 Nb8 30. g3 Bg5 31. Kf2 Kd7 32. Kf3 Kd6 33. b3 Nd7
34. c4 e4+ 35. Kxe4 Nc5+ 0-1

[Event "Indywidualne Mistrzostwa Polski Juniorow do lat 16 - Dziewczeta"]
[Site "Szklarska Poreba"]
[Date "1899-12-30"]
[Round "6.19"]
[White "Kot, Ewelina"]
[Black "Zalucka, Emilia"]
[Result "0-1"]
[WhiteTitle "II+"]
[BlackTitle "I"]
[WhiteElo "1201"]
[BlackElo "1432"]

1. d4 d5 2. Nf3 Nf6 3. e3 e6 4. Nbd2 Bd6 5. c4 c6 6. Bd3 O-O 7. O-O Nbd7 8. c5
Bb8 9. b4 Re8 10. Bb2 e5 11. Bf5 e4 12. Ne1 g6 13. Bh3 Nh5 14. f3 Qg5 15. f4 Qh4
16. Qg4 Qxg4 17. Bxg4 Ndf6 18. Bxc8 Rxc8 19. Nc2 Bc7 20. Bc3 b5 21. a4 a6 22.
Nb3 Ng4 23. g3 Ng7 24. h3 Nf6 25. Kg2 h5 26. axb5 axb5 27. Na5 Bd8 28. Ra3 Nf5
29. Rfa1 Rab8 30. Nb3 Kf8 31. Ra7 Ne7 32. Na5 Kg7 33. Nb7 Bc7 34. R1a6 Ne8 35.
Na1 Kf8 36. Nb3 Bd8 37. Nxd8 Rxd8 38. Na5 Rdc8 39. Nb7 Nc7 40. Ra2 Ne8 41. g4
Rc7 42. Nd6 Rxa7 43. Rxa7 Nxd6 44. cxd6 Nc8 45. Rc7 Nxd6 46. Rxc6 Nc4 47. Kf2
hxg4 48. hxg4 Ra8 49. Rc5 Ra2+ 50. Kg1 Nxe3 51. Rxb5 Rc2 52. Rc5 Rc1+ 53. Kf2
Rxc3 54. Rxc3 Nd1+ 55. Ke2 Nxc3+ 56. Kd2 Nb5 57. Ke3 Ke7 58. Kd2 Nxd4 59. Ke3
Nb5 60. Kd2 d4 0-1

[Event "Indywidualne Mistrzostwa Polski Juniorow do lat 16 - Dziewczeta"]
[Site "Szklarska Poreba"]
[Date "1899-12-30"]
[Round "6.20"]
[White "Wysocka, Edyta"]
[Black "Tarka, Aleksandra"]
[Result "0-1"]
[WhiteTitle "I"]
[BlackTitle "I++"]
[WhiteElo "1393"]
[BlackElo "1656"]

1. e4 c5 2. Nf3 d6 3. d4 cxd4 4. Nxd4 Nf6 5. Nc3 g6 6. Be3 Bg7 7. Be2 O-O 8. Qd2
Nc6 9. O-O-O Nxd4 10. Bxd4 Be6 11. f3 Qa5 12. Kb1 Rfc8 13. a3 a6 14. h4 b5 15.
g4 Rab8 16. Na2 Bxa2+ 17. Kxa2 b4 18. Qd3 bxa3 19. b3 Nd5 20. exd5 Bxd4 21. Rd2
Bc3 22. Rdd1 Rb6 23. h5 Bg7 24. hxg6 hxg6 25. f4 Rc3 26. Qd2 Qc5 27. Rc1 a5 28.
Bc4 Rxc4 29. bxc4 Rb2+ 30. Ka1 Rxc2+ 31. Qc3 Bxc3+ 32. Kb1 Rb2+ 33. Ka1 Qf2 34.
Rxc3 Ra2+ 35. Kb1 Qb2# 0-1

[Event "Indywidualne Mistrzostwa Polski Juniorow do lat 16 - Dziewczeta"]
[Site "Szklarska Poreba"]
[Date "1899-12-30"]
[Round "6.21"]
[White "Wojtas, Julia"]
[Black "Zablocka, Marta"]
[Result "1-0"]
[WhiteTitle "I"]
[BlackTitle "I"]
[WhiteElo "1550"]
[BlackElo "1211"]

1. e4 c5 2. Nf3 a6 3. a4 Nc6 4. d4 cxd4 5. Nxd4 Nf6 6. Nc3 e5 7. Nb3 Bb4 8. Bd3
Bxc3+ 9. bxc3 h6 10. Ba3 d6 11. O-O O-O 12. Re1 Qc7 13. Qd2 Rd8 14. c4 Ne7 15.
Rab1 Ng6 16. h3 Nh7 17. c5 dxc5 18. Bxc5 Ng5 19. Qe3 Qd7 20. Bb6 Re8 21. Nc5 Qc6
22. Bc4 Qf6 23. Ba5 Qe7 24. Bd5 Ra7 25. Nd7 Bxd7 26. Qxa7 Nf3+ 27. Kf1 Bxh3 28.
gxh3 Nf4 29. Qe3 Nxe1 30. Bxe1 Qg5 31. Qg3 Qxg3 32. fxg3 Nxh3 33. Bd2 Rc8 34.
c4 b5 35. axb5 axb5 36. Rxb5 Kf8 37. Kg2 Ng5 38. Bxg5 hxg5 39. c5 Ke7 40. c6 Kd6
41. Rb7 f5 42. Rd7+ Kc5 43. c7 Kb6 44. exf5 Rxc7 45. Rxc7 Kxc7 46. Kf3 Kd6 47.
Be6 Ke7 48. Kg4 Kf6 49. Bd5 g6 50. fxg6 Kxg6 51. Be4+ Kh6 52. Kf5 Kh5 53. g4+
Kh4 54. Bc2 Kg3 55. Kxg5 1-0

[Event "Indywidualne Mistrzostwa Polski Juniorow do lat 16 - Dziewczeta"]
[Site "Szklarska Poreba"]
[Date "1899-12-30"]
[Round "6.22"]
[White "Wolagiewicz, Kinga"]
[Black "Zygmunt, Magdalena"]
[Result "1-0"]
[WhiteTitle "I"]
[BlackTitle "I"]
[WhiteElo "1643"]
[BlackElo "1206"]

1. e4 e5 2. Nf3 Nc6 3. Bb5 Bc5 4. Qe2 Nge7 5. c3 O-O 6. O-O d6 7. d3 Bg4 8. h3
Bh5 9. Re1 a6 10. Ba4 b5 11. Bb3 Na5 12. Bc2 Bb6 13. Be3 c5 14. Nbd2 Nac6 15.
Nf1 h6 16. Ng3 Bg6 17. Rad1 Qc7 18. Kh1 f5 19. exf5 Nxf5 20. Nxf5 Bxf5 21. Nh4
Qd7 22. Nxf5 Qxf5 23. d4 Qf6 24. dxc5 Bxc5 25. Bxc5 dxc5 26. Qe4 Ne7 27. f3 Nc6
28. Rd7 Ne7 29. Qxe5 Qxe5 30. Rxe5 Nc6 31. Rxc5 Na5 32. Rcc7 1-0

[Event "Indywidualne Mistrzostwa Polski Juniorow do lat 16 - Dziewczeta"]
[Site "Szklarska Poreba"]
[Date "1899-12-30"]
[Round "6.23"]
[White "Drob, Julia"]
[Black "Bienko, Jagoda"]
[Result "0-1"]
[WhiteTitle "I"]
[BlackTitle "I"]
[WhiteElo "1336"]
[BlackElo "1451"]

1. d4 d5 2. Bf4 Nf6 3. Nf3 g6 4. e3 Bg7 5. Nbd2 O-O 6. Be2 c5 7. O-O b6 8. Ne5
Bb7 9. h4 h5 10. Ndf3 Nbd7 11. Ng5 Rc8 12. c3 cxd4 13. exd4 a6 14. Qd3 Ne4 15.
Ngf3 Ndf6 16. Ng5 Nxg5 17. Bxg5 Ne4 18. Bf4 a5 19. Qb5 Nd6 20. Qd3 Nc4 21. Nxc4
dxc4 22. Qg3 Be4 23. Rfe1 Qd5 24. Bd1 e6 25. Re3 b5 26. Be2 Qf5 27. Re1 Bd5 28.
Bd1 Kh7 29. f3 Bh6 30. Bxh6 Kxh6 31. Re5 Qf6 32. Bc2 Rcd8 33. Rg5 b4 34. Qf2 bxc3
35. bxc3 Qf4 36. Bb1 Rb8 37. Qc2 Rg8 38. Rge5 Qxh4 39. Qd2+ Kg7 40. Qc1 Rb7 41.
Be4 Bxe4 42. R1xe4 Qg3 43. Rg5 Qd6 44. Rxa5 Rgb8 45. Re1 Rb2 46. f4 Qc6 47. Rg5
f6 48. Rg3 h4 49. Rf3 h3 50. Qe3 Rxg2+ 51. Kf1 Rh2 52. d5 Qxd5 53. Qa7+ Rb7 54.
Qe3 Rbb2 55. Qa7+ Kh6 0-1